| 000 | 00629nam a2200229 a 4500 | ||
|---|---|---|---|
| 005 | 20140310183152.0 | ||
| 008 | 021111s19uu xx 00 eng d | ||
| 050 |
_aRT 50.5 _b.Ad221 2003 |
||
| 100 | _aAdanza, Estela Galicano | ||
| 245 |
_aMethods of research for the health professions / _cEstela Galicano Adanza. |
||
| 260 |
_aManila, Philippines : _bRex Bookstore, _c2003. |
||
| 300 |
_a248 p. : _c20 cm. |
||
| 521 | _aNUR | ||
| 650 |
_aHealth _xresearch |
||
| 650 |
_aMedical _xresearch |
||
| 942 |
_cBK _2lcc _kLOC |
||
| 999 |
_c19665 _d19665 |
||